Avengers Endgame: Every Character - Statistics

General Stats
  • This quiz has been taken 1,056 times
    634 since last reset
  • The average score is 38 of 66
Answer Stats
Association Character % Correct
Avengers Iron Man
99%
Avengers Captain America
97%
Avengers Thor
97%
Avengers Hulk
96%
Avengers Black Widow
94%
Wakanda Black Panther
91%
Avengers Hawkeye
91%
Avengers Spider-Man
91%
Master's of the Mystic Arts Doctor Strange
90%
Guardians of the Galaxy Rocket Raccoon
90%
Guardians of the Galaxy Star-Lord
90%
Guardians of the Galaxy Gamora
89%
Guardians of the Galaxy Groot
89%
Guardians of the Galaxy Drax
84%
Avengers Ant-Man
83%
Avengers Relatives Hank Pym
83%
Asgard Loki
82%
Guardians of the Galaxy Nebula
81%
Stark Industries Pepper Potts
80%
Avengers Scarlet Witch
79%
Black Order Thanos
78%
Avengers Falcon
77%
SHIELD Nick Fury
76%
Starforce Captain Marvel
75%
Avengers Winter Soldier
74%
Guardians of the Galaxy Mantis
73%
Avengers War Machine
73%
Wakanda Shuri
72%
Master's of the Mystic Arts Wong
72%
Avengers Wasp
69%
Stark Industries Happy Hogan
61%
Wakanda Okoye
61%
Stark Industries Morgan Stark
58%
Stark Industries Howard Stark
57%
SHIELD Maria Hill
55%
Asgard Valkyrie
55%
Black Order Ebony Maw
48%
Queens Ned Leeds
48%
SHIELD Peggy Carter
47%
Wakanda M'Baku
46%
Queens May Parker
45%
Master's of the Mystic Arts Ancient One
44%
Asgard Jane Foster
43%
Black Order Proxima Midnight
42%
HYDRA Red Skull
42%
Government Thaddeus Ross
41%
Asgard Korg
40%
Black Order Cull Obsidian
38%
Asgard Frigga
38%
Black Order Corvus Glaive
37%
Avengers Relatives Laura Barton
36%
Avengers Relatives Nathaniel Barton
31%
Avengers Relatives Lila Barton
30%
Avengers Relatives Cooper Barton
29%
Avengers Relatives Cassie Lang
28%
Avengers Relatives Janet Van Dyne
28%
Stark Industries Edwin Jarvis
27%
HYDRA Brock Rumlow
26%
Guardians of the Galaxy Kraglin
26%
HYDRA Alexander Pierce
24%
Asgard Miek
24%
Wakanda Ramonda
21%
HYDRA Jasper Sitwell
18%
Guardians of the Galaxy Howard the Duck
16%
Stark Industries Harley Keener
13%
HYDRA Jack Rollins
7%
No matching quizzes found
Score Distribution
Percent of People with Each Score
Percentile by Number Answered
Your Score History
You have not taken this quiz since the last reset